Eco-tourism management; ការគ្រប់គ្រងអេកូទេសចរណ៏ (Record no. 10156)
[ view plain ]
| 000 -LEADER | |
|---|---|
| fixed length control field | 00323nam a22001217a 4500 |
| 040 ## - CATALOGING SOURCE | |
| Transcribing agency | SK |
| 082 ## - DEWEY DECIMAL CLASSIFICATION NUMBER | |
| Classification number | 155 |
| 100 ## - MAIN ENTRY--AUTHOR NAME | |
| Personal name | វន មុនិន្ទ |
| 245 ## - TITLE STATEMENT | |
| Title | Eco-tourism management; ការគ្រប់គ្រងអេកូទេសចរណ៏ |
| 260 ## - PUBLICATION, DISTRIBUTION, ETC. (IMPRINT) | |
| Place of publication | RUA |
| Name of publisher | វន |
| Year of publication | 2008 |
| 300 ## - PHYSICAL DESCRIPTION | |
| Number of Pages | 37p. |
| 942 ## - ADDED ENTRY ELEMENTS (KOHA) | |
| Koha item type | សៀវភៅភាសាខ្មែរ |
| 952 ## - LOCATION AND ITEM INFORMATION (KOHA) | |
| Withdrawn status [LOCAL, KOHA] | 0 |
| Permanent Location | Date acquired | Koha item type | Lost status | Shelving location | Barcode | Current Location | Full call number |
|---|---|---|---|---|---|---|---|
| Library Block C | 2016-09-21 | សៀវភៅភាសាខ្មែរ | C016 | RUA055833 | Library Block C | 155 វន 2008 C016 Or |